[Event "Bangkok Cha Am op 18th"]
[Site "Bangkog"]
[Date "2018.04.15"]
[Round "3"]
[White "Matzies, Alexander"]
[Black "Singgih, Diajeng Theresa"]
[Result "1-0"]
[WhiteElo "2019"]
[BlackElo "1818"]
[PlyCount "73"]
[EventDate "2018.04.13"]
[EventType "swiss"]
[EventRounds "9"]
[EventCountry "THA"]
[SourceTitle "CBM 184 Extra"]
[Source "ChessBase"]
[SourceDate "2018.06.28"]
[SourceVersion "1"]
[SourceVersionDate "2018.06.28"]
[SourceQuality "1"]

1. d4 d5 2. c4 e6 3. Nc3 Nf6 4. cxd5 Nxd5 5. e4 Nxc3 6. bxc3 c5 7. Nf3 cxd4 8. cxd4 Nc6 9. Be2 Be7 10. 0-0 0-0 11. Bb2 Bf6 12. Qd2 b6 13. Rfd1 Bb7 14. Qf4 Qb8 15. Qg4 g6 16. e5 Bg7 17. Ng5 Nb4 18. Ba3 a5 19. Rac1 h6 20. Nxe6 fxe6 21. Qxe6+ Kh7 22. Qxb6 Bd5 23. Qc5 Qb7 24. f3 Bxa2 25. h4 h5 26. Bxb4 axb4 27. Bd3 Bd5 28. Qd6 Qf7 29. Rc7 Qe6 30. Qxb4 Ra2 31. Qxf8 Rxg2+ 32. Kxg2 Qg4+ 33. Kf1 Qh3+ 34. Ke1 Qxh4+ 35. Kd2 Qg5+ 36. Kc3 Qh6 37. Rg1 1-0

[Event "Bangkok Cha Am op 18th"]
[Site "Bangkog"]
[Date "2018.04.14"]
[Round "2"]
[White "Sergeyeva, Maria"]
[Black "Matzies, Alexander"]
[Result "1-0"]
[WhiteElo "2332"]
[BlackElo "2019"]
[PlyCount "59"]
[EventDate "2018.04.13"]
[EventType "swiss"]
[EventRounds "9"]
[EventCountry "THA"]
[SourceTitle "CBM 184 Extra"]
[Source "ChessBase"]
[SourceDate "2018.06.28"]
[SourceVersion "1"]
[SourceVersionDate "2018.06.28"]
[SourceQuality "1"]

1. e4 c5 2. Nf3 Nc6 3. d4 cxd4 4. Nxd4 Nf6 5. Nc3 e5 6. Ndb5 d6 7. Bg5 a6 8. Na3 b5 9. Bxf6 gxf6 10. Nd5 Bg7 11. c4 b4 12. Nc2 a5 13. Qf3 h5 14. h3 Rh6 15. Be2 Ne7 16. Nce3 Be6 17. Nf5 Nxf5 18. exf5 Bxd5 19. Qxd5 Rc8 20. Rd1 Bf8 21. 0-0 Rc5 22. Qe4 Qc8 23. Rd5 h4 24. Rfd1 Be7 25. Rxc5 Qxc5 26. Qa8+ Bd8 27. Rd5 Qb6 28. c5 dxc5 29. Bb5+ Ke7 30. Rd7+ 1-0

[Event "Eschborn op"]
[Site "Eschborn"]
[Date "2017.10.15"]
[Round "5"]
[White "Grzeschniok, Anton"]
[Black "Matzies, Alexander"]
[Result "0-1"]
[WhiteElo "1811"]
[BlackElo "1980"]
[PlyCount "118"]
[EventDate "2017.10.13"]
[EventType "swiss"]
[EventRounds "5"]
[EventCountry "GER"]
[SourceTitle "EXT 2019"]
[Source "ChessBase"]
[SourceDate "2018.10.10"]
[SourceVersion "1"]
[SourceVersionDate "2018.10.10"]
[SourceQuality "1"]

1. e4 c5 2. Nf3 Nc6 3. d4 cxd4 4. Nxd4 Nf6 5. Nc3 e5 6. Ndb5 d6 7. Bg5 a6 8. Na3 b5 9. Nd5 Be7 10. Nxe7 Nxe7 11. Bxf6 gxf6 12. Qd2 0-0 13. 0-0-0 d5 14. exd5 Bf5 15. Bd3 e4 16. Be2 Qd6 17. g4 Bc8 18. f3 exf3 19. Bxf3 Bb7 20. Be4 Rac8 21. Qd3 Kg7 22. Rd2 Rc5 23. Qh3 h6 24. Rhd1 Rd8 25. Qf3 Qe5 26. Re2 Qd6 27. Red2 b4 28. Nb1 a5 29. Qg3 Qxg3 30. hxg3 Bxd5 31. Bxd5 Rdxd5 32. Rxd5 Nxd5 33. a3 Ne3 34. Rd2 Kg6 35. axb4 axb4 36. c3 Kg5 37. Rd7 Rd5 38. Rxd5+ Nxd5 39. c4 Nb6 40. Nd2 Kxg4 41. c5 Nd5 42. c6 f5 43. Kc2 Kxg3 44. Kd3 h5 45. Nf1+ Kf4 46. Ne3 Nc7 47. Ke2 h4 48. Ng2+ Kg3 49. Ne3 f4 50. Nf1+ Kg2 51. Nd2 h3 52. Nf3 b3 53. Nh4+ Kg3 54. Nf3 h2 55. Nxh2 Kxh2 56. Kf2 Ne6 57. Kf1 Kg3 58. Kg1 f3 59. Kf1 f2 0-1

[Event "Wiesbaden op 23rd"]
[Site "Wiesbaden"]
[Date "2011.08.28"]
[Round "7"]
[White "Matzies, Alexander"]
[Black "Werner, Dimo"]
[Result "1/2-1/2"]
[WhiteElo "1982"]
[BlackElo "2237"]
[PlyCount "65"]
[EventDate "2011.08.25"]
[EventType "swiss"]
[EventRounds "7"]
[EventCountry "GER"]
[SourceTitle "CBM 144 Extra"]
[Source "ChessBase"]
[SourceDate "2011.10.28"]
[SourceVersion "1"]
[SourceVersionDate "2011.10.28"]
[SourceQuality "1"]

1. d4 Nf6 2. c4 e6 3. Nf3 c5 4. Nc3 d5 5. cxd5 Nxd5 6. e4 Nxc3 7. bxc3 Be7 8. Bd3 cxd4 9. cxd4 0-0 10. 0-0 Nd7 11. Qe2 b6 12. Rd1 Bb7 13. e5 Re8 14. Nd2 a6 15. a4 Nf8 16. Qe3 Rc8 17. Ba3 Ng6 18. Bxe7 Rxe7 19. Ne4 Bxe4 20. Qxe4 a5 21. h4 Rd7 22. Bb5 Rd5 23. h5 Ne7 24. Ba6 Rc7 25. Rab1 Rcd7 26. Bd3 Nf5 27. Be2 Rxd4 28. Rxd4 Rxd4 29. Qc6 Rb4 30. Rd1 Rd4 31. Rb1 Rb4 32. Rd1 Rd4 33. Rb1 1/2-1/2

[Event "Wiesbaden op 23rd"]
[Site "Wiesbaden"]
[Date "2011.08.26"]
[Round "3"]
[White "Matzies, Alexander"]
[Black "Vogel, Christian"]
[Result "1/2-1/2"]
[WhiteElo "1982"]
[BlackElo "2184"]
[PlyCount "85"]
[EventDate "2011.08.25"]
[EventType "swiss"]
[EventRounds "7"]
[EventCountry "GER"]
[SourceTitle "CBM 144 Extra"]
[Source "ChessBase"]
[SourceDate "2011.10.28"]
[SourceVersion "1"]
[SourceVersionDate "2011.10.28"]
[SourceQuality "1"]

1. d4 Nf6 2. c4 c5 3. Nf3 cxd4 4. Nxd4 b6 5. Nc3 Bb7 6. f3 a6 7. e4 d6 8. Be3 Nbd7 9. Be2 e6 10. 0-0 Qc7 11. Qd2 Rc8 12. Rac1 Be7 13. Rfd1 Qb8 14. Bf1 0-0 15. Qf2 Rfe8 16. Nb3 Bd8 17. Na4 Bc6 18. Nc3 Bc7 19. h3 Bb7 20. Na4 Nc5 21. Nbxc5 dxc5 22. a3 Bc6 23. Qc2 Bh2+ 24. Kh1 Nh5 25. Bf2 Bg3 26. Nc3 Rcd8 27. b4 Qe5 28. bxc5 bxc5 29. Kg1 Bxf2+ 30. Kxf2 Rd4 31. Ne2 Rxd1 32. Rxd1 f5 33. exf5 exf5 34. Qd2 f4 35. Kg1 h6 36. Qd6 Qe3+ 37. Kh2 Re6 38. Qd8+ Kh7 39. Ng1 Ng3 40. Bd3+ g6 41. Rb1 Qd4 42. Qf8 Qd6 43. Qf7+ 1/2-1/2

[Event "Karl Mala Memorial op 14th"]
[Site "Frankfurt"]
[Date "2011.07.08"]
[Round "3"]
[White "Matzies, Alexander"]
[Black "Fischer, Ulrich"]
[Result "1-0"]
[WhiteElo "1982"]
[BlackElo "1727"]
[PlyCount "101"]
[EventDate "2011.07.07"]
[EventType "swiss"]
[EventRounds "7"]
[EventCountry "GER"]
[SourceTitle "EXT 2012"]
[Source "ChessBase"]
[SourceDate "2011.11.24"]
[SourceVersion "1"]
[SourceVersionDate "2011.11.24"]
[SourceQuality "1"]

1. d4 d5 2. c4 c6 3. Nc3 Nf6 4. Nf3 e6 5. cxd5 exd5 6. Bg5 Bf5 7. e3 Nbd7 8. Bd3 Bxd3 9. Qxd3 Bd6 10. 0-0 0-0 11. Rfc1 Qe7 12. Rc2 Qe6 13. Bf4 Ne4 14. Bxd6 Nxd6 15. Na4 Ne4 16. b4 Qe7 17. b5 Qb4 18. bxc6 Qxa4 19. cxd7 Qxd7 20. Ne5 Qe6 21. Qb3 Nd6 22. Rc5 f6 23. Qxd5 Qxd5 24. Rxd5 fxe5 25. Rxd6 exd4 26. Rxd4 Rac8 27. Rd2 Rf5 28. g3 Ra5 29. Rad1 b6 30. Rd8+ Rxd8 31. Rxd8+ Kf7 32. Rd2 b5 33. Kg2 b4 34. Kf3 Ra3 35. Ke4 Ke6 36. f4 g6 37. g4 Ra5 38. Rb2 Rb5 39. Kd4 a5 40. e4 Rb8 41. Rc2 b3 42. axb3 Rxb3 43. Rc6+ Kd7 44. Ra6 Rb4+ 45. Ke5 a4 46. f5 gxf5 47. gxf5 h5 48. Ra7+ Ke8 49. Kd5 h4 50. e5 h3 51. e6 1-0

[Event "Rhein Main op-A 14th"]
[Site "Bad Homburg"]
[Date "2011.06.24"]
[Round "4"]
[White "Kaiser, Richard1111"]
[Black "Matzies, Alexander"]
[Result "0-1"]
[WhiteElo "2175"]
[BlackElo "1982"]
[PlyCount "72"]
[EventDate "2011.06.22"]
[EventType "swiss"]
[EventRounds "7"]
[EventCountry "GER"]
[SourceTitle "EXT 2012"]
[Source "ChessBase"]
[SourceDate "2011.11.24"]
[SourceVersion "1"]
[SourceVersionDate "2011.11.24"]
[SourceQuality "1"]

1. e4 c5 2. Nf3 Nc6 3. d4 cxd4 4. Nxd4 Nf6 5. Nc3 e5 6. Ndb5 d6 7. Nd5 Nxd5 8. exd5 Nb8 9. a4 Be7 10. Be2 0-0 11. 0-0 Nd7 12. Be3 a6 13. Na7 f5 14. Nxc8 Rxc8 15. f3 Bg5 16. Bf2 Rf6 17. a5 Rh6 18. Bd3 g6 19. c4 Bf4 20. g3 Qg5 21. Kh1 Bxg3 22. Bxg3 Qxg3 23. Qd2 Qh3 24. Rf2 Nc5 25. Bc2 Rh4 26. Rg1 Rf4 27. Rg3 Qh4 28. Rfg2 e4 29. fxe4 Rf1+ 30. Rg1 Nxe4 31. Bxe4 Qxe4+ 32. Qg2 Rxg1+ 33. Kxg1 Qb1+ 34. Qf1 Qxf1+ 35. Kxf1 Rxc4 36. Rb3 Rc7 0-1

[Event "Hessen-ch Gr-B 64th"]
[Site "Bad Vilbel"]
[Date "2010.04.04"]
[Round "7"]
[White "Matzies, Alexander"]
[Black "Wuestehube, Axel"]
[Result "1-0"]
[WhiteElo "1972"]
[BlackElo "1918"]
[PlyCount "31"]
[EventDate "2010.03.31"]
[EventType "swiss"]
[EventRounds "7"]
[EventCountry "GER"]
[SourceTitle "EXT 2011"]
[Source "ChessBase"]
[SourceDate "2010.11.26"]
[SourceVersion "1"]
[SourceVersionDate "2010.11.26"]
[SourceQuality "1"]

1. d4 Nf6 2. c4 e6 3. Nc3 Bb4 4. Qc2 d5 5. cxd5 Bxc3+ 6. bxc3 exd5 7. Ba3 Ne4 8. Nf3 Nd6 9. e3 0-0 10. Bd3 h6 11. 0-0 Re8 12. Ne5 b6 13. Bh7+ Kf8 14. f4 f6 15. Qg6 Re7 16. Qh5 1-0

[Event "Hessen-ch Gr-B 64th"]
[Site "Bad Vilbel"]
[Date "2010.04.01"]
[Round "3"]
[White "Fischer, Roger"]
[Black "Matzies, Alexander"]
[Result "1/2-1/2"]
[WhiteElo "2129"]
[BlackElo "1972"]
[PlyCount "29"]
[EventDate "2010.03.31"]
[EventType "swiss"]
[EventRounds "7"]
[EventCountry "GER"]
[SourceTitle "EXT 2011"]
[Source "ChessBase"]
[SourceDate "2010.11.26"]
[SourceVersion "1"]
[SourceVersionDate "2010.11.26"]
[SourceQuality "1"]

1. Nf3 Nf6 2. c4 g6 3. g3 Bg7 4. Bg2 0-0 5. 0-0 d6 6. Nc3 c6 7. d4 Qa5 8. e4 Qh5 9. e5 dxe5 10. dxe5 Ng4 11. Re1 Nd7 12. Bf4 g5 13. Bxg5 Ndxe5 14. Bh4 Qf5 15. h3 1/2-1/2

[Event "Hessen-ch Gr-B 62nd"]
[Site "Hanau"]
[Date "2008.03.22"]
[Round "6"]
[White "Zimmermann, Hendrik"]
[Black "Matzies, Alexander"]
[Result "1/2-1/2"]
[WhiteElo "2117"]
[BlackElo "1972"]
[PlyCount "21"]
[EventDate "2008.03.19"]
[EventType "swiss"]
[EventRounds "7"]
[EventCountry "GER"]
[SourceTitle "CBM 123 Extra"]
[Source "ChessBase"]
[SourceDate "2008.05.06"]
[SourceVersion "1"]
[SourceVersionDate "2008.05.06"]
[SourceQuality "1"]

1. d4 Nf6 2. c4 e6 3. Nc3 Bb4 4. Nf3 c5 5. d5 d6 6. dxe6 Bxc3+ 7. bxc3 fxe6 8. g3 0-0 9. Bg2 Nc6 10. 0-0 e5 11. Rb1 1/2-1/2

[Event "Hessen-ch Gr-B 62nd"]
[Site "Hanau"]
[Date "2008.03.21"]
[Round "4"]
[White "Rosenberger, Frank"]
[Black "Matzies, Alexander"]
[Result "1-0"]
[WhiteElo "2161"]
[BlackElo "1972"]
[PlyCount "47"]
[EventDate "2008.03.19"]
[EventType "swiss"]
[EventRounds "7"]
[EventCountry "GER"]
[SourceTitle "CBM 123 Extra"]
[Source "ChessBase"]
[SourceDate "2008.05.06"]
[SourceVersion "1"]
[SourceVersionDate "2008.05.06"]
[SourceQuality "1"]

1. e4 c5 2. Nf3 Nc6 3. d4 cxd4 4. Nxd4 Nf6 5. Nc3 e5 6. Ndb5 d6 7. a4 a6 8. Na3 Bg4 9. Be2 Bxe2 10. Qxe2 d5 11. Bg5 Bb4 12. Bxf6 gxf6 13. 0-0 Bxc3 14. bxc3 Qa5 15. exd5 Qxd5 16. Rfd1 Qc5 17. Nc4 Rd8 18. Rxd8+ Nxd8 19. Rd1 0-0 20. Qg4+ Kh8 21. Qh4 Kg7 22. Ne3 Ne6 23. Nf5+ Kg6 24. g4 1-0

[Event "Frankfurt-ch"]
[Site "Frankfurt"]
[Date "2007.06.11"]
[Round "6"]
[White "Matzies, Alexander"]
[Black "Rondio, Thomas"]
[Result "1/2-1/2"]
[WhiteElo "1995"]
[BlackElo "1689"]
[PlyCount "44"]
[EventDate "2007.04.30"]
[EventType "swiss"]
[EventRounds "7"]
[EventCountry "GER"]
[SourceTitle "EXT 2008"]
[Source "ChessBase"]
[SourceDate "2007.11.25"]
[SourceVersion "1"]
[SourceVersionDate "2007.11.25"]
[SourceQuality "1"]

1. e4 e5 2. Nf3 Nc6 3. d4 exd4 4. Bc4 Nf6 5. e5 d5 6. Bb5 Nd7 7. 0-0 Be7 8. Bxc6 bxc6 9. Nxd4 Nxe5 10. Bf4 f6 11. Bxe5 fxe5 12. Nxc6 Qd6 13. Nxe7 Kxe7 14. Nc3 Be6 15. Qh5 Bf7 16. Qe2 Rhe8 17. Rad1 Rad8 18. Rfe1 Kf8 19. Ne4 Qh6 20. Nc5 Bh5 21. f3 Qb6 22. Qf2 Qxb2 1/2-1/2

[Event "Frankfurt-ch"]
[Site "Frankfurt"]
[Date "2007.05.21"]
[Round "4"]
[White "Matzies, Alexander"]
[Black "Kayser, Felix"]
[Result "0-1"]
[WhiteElo "1995"]
[BlackElo "2194"]
[PlyCount "84"]
[EventDate "2007.04.30"]
[EventType "swiss"]
[EventRounds "7"]
[EventCountry "GER"]
[SourceTitle "EXT 2008"]
[Source "ChessBase"]
[SourceDate "2007.11.25"]
[SourceVersion "1"]
[SourceVersionDate "2007.11.25"]
[SourceQuality "1"]

1. e4 d5 2. exd5 Qxd5 3. Nc3 Qd6 4. Bc4 a6 5. d4 Nf6 6. Nge2 b5 7. Bb3 Bb7 8. 0-0 e6 9. Bf4 Qc6 10. f3 Bd6 11. Qd2 0-0 12. Ng3 Nbd7 13. Nce4 Bxf4 14. Qxf4 Qb6 15. Nxf6+ Nxf6 16. Kh1 Rad8 17. Rad1 Rd7 18. Rd2 Rfd8 19. Rfd1 a5 20. c3 h6 21. a4 Bc6 22. axb5 Qxb5 23. Bc2 Kf8 24. Bd3 Qb6 25. Ne4 Nd5 26. Qe5 Ne7 27. Nc5 Rd6 28. Be4 Bd5 29. Re1 Nc6 30. Qf4 Bc4 31. Rf2 e5 32. Qf5 g6 33. Qh3 exd4 34. Qxh6+ Kg8 35. Bxc6 Qxc5 36. Be4 dxc3 37. Rc2 Rd1 38. Rc1 Rxe1+ 39. Rxe1 Qf2 40. Rg1 Qd2 41. f4 Bd5 42. Bxg6 Bxg2+ 0-1

[Event "Frankfurt-ch"]
[Site "Frankfurt"]
[Date "2007.05.14"]
[Round "3"]
[White "Winand, Edgar"]
[Black "Matzies, Alexander"]
[Result "0-1"]
[WhiteElo "1723"]
[BlackElo "1995"]
[PlyCount "86"]
[EventDate "2007.04.30"]
[EventType "swiss"]
[EventRounds "7"]
[EventCountry "GER"]
[SourceTitle "EXT 2008"]
[Source "ChessBase"]
[SourceDate "2007.11.25"]
[SourceVersion "1"]
[SourceVersionDate "2007.11.25"]
[SourceQuality "1"]

1. Nf3 Nf6 2. d4 g6 3. e3 Bg7 4. b3 0-0 5. Bb2 d6 6. Nbd2 c5 7. Bd3 cxd4 8. exd4 Nc6 9. a3 Bg4 10. 0-0 Nh5 11. h3 Bd7 12. Nc4 b5 13. Ne3 Rb8 14. Re1 Nf4 15. Ra2 Qa5 16. Be4 Rfc8 17. Qa1 Qc7 18. d5 Ne5 19. Nxe5 dxe5 20. Kh2 f6 21. g4 h5 22. Kg3 Kf7 23. Qd1 Rh8 24. Bg2 hxg4 25. hxg4 Rh7 26. Rh1 Rxh1 27. Bxh1 Rh8 28. Bg2 Bh6 29. Kh2 Nxg2 30. Nxg2 Qc8 31. Kg3 e4 32. d6 Qb8 33. Qd5+ Be6 34. Qxe4 Qxd6+ 35. f4 Bd5 36. Qd4 Bxg2 37. Qxd6 exd6 38. Kxg2 Bxf4 39. Kf3 Be5 40. Bxe5 dxe5 41. Kg3 Rc8 42. Kf3 Rc3+ 43. Ke4 Ke6 0-1

[Event "Karl Mala Memorial op 10th"]
[Site "Griesheim"]
[Date "2006.07.22"]
[Round "5"]
[White "Matzies, Alexander"]
[Black "Carl, Jan Frederik"]
[Result "1/2-1/2"]
[WhiteElo "2010"]
[BlackElo "1782"]
[PlyCount "119"]
[EventDate "2006.07.20"]
[EventType "swiss"]
[EventRounds "7"]
[EventCountry "GER"]
[SourceTitle "CBM 113 Extra"]
[Source "ChessBase"]
[SourceDate "2006.09.14"]
[SourceVersion "1"]
[SourceVersionDate "2006.09.14"]
[SourceQuality "1"]

1. e4 e6 2. d4 d5 3. exd5 exd5 4. c4 Nf6 5. Nc3 Be6 6. Qb3 b6 7. Nf3 Be7 8. Bf4 0-0 9. Rc1 c5 10. dxc5 Bxc5 11. Be2 dxc4 12. Bxc4 Bxc4 13. Qxc4 Qe7+ 14. Qe2 Qxe2+ 15. Kxe2 Re8+ 16. Be3 Nbd7 17. Rhd1 Re7 18. Rd3 Rae8 19. h3 Bxe3 20. Rxe3 Rxe3+ 21. fxe3 Nc5 22. b4 Ne6 23. g3 Nc7 24. Rd1 Kf8 25. Nd4 Ncd5 26. Nxd5 Nxd5 27. Nb5 Nxe3 28. Rd7 Nc4+ 29. Kf2 a5 30. bxa5 bxa5 31. Rc7 Ne5 32. Ra7 Rb8 33. a4 Nc4 34. Kf3 Nb6 35. Rxa5 Nxa4 36. Rxa4 Rxb5 37. Ra7 g6 38. Kf4 Kg7 39. h4 h5 40. Kf3 Rf5+ 41. Kg2 Re5 42. Kf3 Rf5+ 43. Kg2 Kh6 44. Ra6 f6 45. Kg1 g5 46. hxg5+ Kxg5 47. Kg2 Rb5 48. Ra4 f5 49. Rc4 Re5 50. Kf3 Re4 51. Rc5 Ra4 52. Rc3 h4 53. gxh4+ Rxh4 54. Kf2 Kg4 55. Ra3 f4 56. Kg2 Rh5 57. Rb3 Ra5 58. Rc3 Ra2+ 59. Kf1 f3 60. Rc8 1/2-1/2

[Event "Frankfurt-ch"]
[Site "Frankfurt"]
[Date "2006.05.02"]
[Round "2"]
[White "Matzies, Alexander"]
[Black "Solonar, Stefan"]
[Result "0-1"]
[WhiteElo "1894"]
[BlackElo "2264"]
[PlyCount "108"]
[EventDate "2006.04.24"]
[EventType "swiss"]
[EventRounds "7"]
[EventCountry "GER"]
[SourceTitle "EXT 2007"]
[Source "ChessBase"]
[SourceDate "2006.11.23"]
[SourceVersion "1"]
[SourceVersionDate "2006.11.23"]
[SourceQuality "1"]

1. e4 d5 2. exd5 Qxd5 3. Nc3 Qd6 4. d4 Nf6 5. Bc4 c6 6. Nge2 Bg4 7. f3 Bf5 8. Bf4 Qb4 9. Bb3 e6 10. Qd2 Nbd7 11. 0-0-0 a5 12. Rhe1 a4 13. a3 axb3 14. axb4 Ra1+ 15. Nb1 bxc2 16. Qxc2 Bxc2 17. Kxc2 Bxb4 18. Nbc3 Rxd1 19. Rxd1 Ke7 20. Ra1 Bd6 21. Ra7 Rb8 22. g3 Nd5 23. Bd2 Nb4+ 24. Kb3 Na6 25. Na4 Nc7 26. Nac3 Na6 27. Na4 e5 28. Be3 Nc7 29. Nac3 Nf6 30. dxe5 Bxe5 31. Nd4 Kd7 32. Ra1 Ncd5 33. Bf2 g6 34. Kc4 Bd6 35. Kd3 Re8 36. Nb3 Nb4+ 37. Kd2 Kc7 38. Nc5 Rd8 39. Ke2 Nd7 40. N3e4 Be7 41. Ra4 Nxc5 42. Nxc5 Rd5 43. Rxb4 Bxc5 44. Bxc5 Rxc5 45. Kd3 h5 46. h4 Rd5+ 47. Kc3 Rf5 48. f4 Rd5 49. Re4 Kd7 50. Rb4 b5 51. Re4 c5 52. b3 Rd1 53. Re5 Kd6 54. Re8 Rd5 0-1

[Event "Frankfurt-ch"]
[Site "Frankfurt"]
[Date "2006.04.24"]
[Round "1"]
[White "Bongardt, Torsten"]
[Black "Matzies, Alexander"]
[Result "0-1"]
[WhiteElo "1338"]
[BlackElo "1894"]
[PlyCount "86"]
[EventDate "2006.04.24"]
[EventType "swiss"]
[EventRounds "7"]
[EventCountry "GER"]
[SourceTitle "EXT 2007"]
[Source "ChessBase"]
[SourceDate "2006.11.23"]
[SourceVersion "1"]
[SourceVersionDate "2006.11.23"]
[SourceQuality "1"]

1. d4 Nf6 2. Nf3 g6 3. Bf4 Bg7 4. e3 d6 5. Be2 0-0 6. 0-0 Nbd7 7. c4 c5 8. Nc3 Re8 9. Rc1 b6 10. d5 Ng4 11. Qd2 Nge5 12. Rfd1 a6 13. b3 Qc7 14. Ne4 Nxf3+ 15. Bxf3 Ne5 16. Qe2 Bd7 17. Nc3 Reb8 18. Be4 b5 19. Bxe5 Bxe5 20. Bd3 b4 21. Ne4 a5 22. Rc2 a4 23. Nd2 Ra5 24. Nb1 Rba8 25. Rcd2 Qa7 26. Rc2 axb3 27. axb3 Ra1 28. Nd2 Qa3 29. Qf1 Rxd1 30. Qxd1 Bc3 31. Qb1 Qa1 32. Rc1 Qxb1 33. Nxb1 Ra1 34. Kf1 f5 35. Ke2 e6 36. Kd1 Bb2 37. g3 Bxc1 38. Kxc1 exd5 39. cxd5 Ra2 40. Bc2 Bb5 41. Nd2 Kf7 42. Nc4 Bxc4 43. bxc4 b3 0-1

[Event "Karl Mala Memorial op 09th"]
[Site "Frankfurt"]
[Date "2005.07.31"]
[Round "6"]
[White "Matzies, Alexander"]
[Black "Kandic, Milan"]
[Result "0-1"]
[WhiteElo "2053"]
[BlackElo "2235"]
[PlyCount "74"]
[EventDate "2005.07.28"]
[EventType "swiss"]
[EventRounds "7"]
[EventCountry "GER"]
[SourceTitle "EXT 2006"]
[Source "ChessBase"]
[SourceDate "2005.11.24"]
[SourceVersion "1"]
[SourceVersionDate "2005.11.24"]
[SourceQuality "1"]

1. e4 d6 2. d4 Nf6 3. Bd3 e5 4. c3 Be7 5. Nf3 Nbd7 6. 0-0 0-0 7. Nbd2 c6 8. a4 a5 9. Re1 Qc7 10. Nf1 Re8 11. Ng3 Nf8 12. Nf5 Bxf5 13. exf5 exd4 14. Nxd4 d5 15. Bg5 N8d7 16. Nf3 Bd6 17. h3 Rxe1+ 18. Qxe1 Re8 19. Qd1 Bf4 20. Bxf4 Qxf4 21. Qd2 Qxd2 22. Nxd2 Nc5 23. Bf1 Nfe4 24. Nf3 Nb3 25. Rd1 Rd8 26. Bd3 Nec5 27. Bc2 Kf8 28. Nd4 Nxd4 29. Rxd4 Re8 30. Kf1 Ke7 31. Rg4 Kf6 32. c4 Ne4 33. cxd5 Nd2+ 34. Kg1 Re1+ 35. Kh2 Nf1+ 36. Kg1 Ne3+ 37. Kh2 Nxg4+ 0-1

[Event "Karl Mala Memorial op 09th"]
[Site "Frankfurt"]
[Date "2005.07.30"]
[Round "5"]
[White "Matzies, Alexander"]
[Black "Wezorke, Stephan"]
[Result "1/2-1/2"]
[WhiteElo "2053"]
[BlackElo "1603"]
[PlyCount "52"]
[EventDate "2005.07.28"]
[EventType "swiss"]
[EventRounds "7"]
[EventCountry "GER"]
[SourceTitle "EXT 2006"]
[Source "ChessBase"]
[SourceDate "2005.11.24"]
[SourceVersion "1"]
[SourceVersionDate "2005.11.24"]
[SourceQuality "1"]

1. e4 c5 2. Nf3 d6 3. Bb5+ Bd7 4. Bxd7+ Nxd7 5. 0-0 Ngf6 6. Re1 g6 7. c3 Bg7 8. d4 cxd4 9. cxd4 e6 10. Nc3 Nb6 11. d5 e5 12. Be3 0-0 13. Qb3 Nfd7 14. Qb4 Qe7 15. Nb5 Nc5 16. Bxc5 dxc5 17. d6 Qxd6 18. Nxd6 cxb4 19. Nxb7 a5 20. Rac1 Rfb8 21. Nd6 Rd8 22. Nc4 Nxc4 23. Rxc4 Rac8 24. Rxc8 Rxc8 25. Kf1 Rc2 26. Re2 Rc1+ 1/2-1/2

[Event "Karl Mala Memorial op 09th"]
[Site "Frankfurt"]
[Date "2005.07.29"]
[Round "3"]
[White "Matzies, Alexander"]
[Black "Kessler, Paul"]
[Result "1-0"]
[WhiteElo "2053"]
[BlackElo "1737"]
[PlyCount "91"]
[EventDate "2005.07.28"]
[EventType "swiss"]
[EventRounds "7"]
[EventCountry "GER"]
[SourceTitle "EXT 2006"]
[Source "ChessBase"]
[SourceDate "2005.11.24"]
[SourceVersion "1"]
[SourceVersionDate "2005.11.24"]
[SourceQuality "1"]

1. e4 c5 2. Nf3 d6 3. Bb5+ Bd7 4. Bxd7+ Nxd7 5. 0-0 Ngf6 6. Re1 g6 7. c3 Bg7 8. d4 e5 9. Nbd2 0-0 10. Nc4 Qc7 11. d5 b5 12. Na3 b4 13. Nc4 a5 14. Qd3 Nb6 15. Nxb6 Qxb6 16. Nd2 Nd7 17. Nc4 Qc7 18. b3 Nb6 19. Nxb6 Qxb6 20. a4 Rab8 21. cxb4 Qxb4 22. Bd2 Qxb3 23. Qxb3 Rxb3 24. Bxa5 Rc8 25. Reb1 Rcb8 26. Rxb3 Rxb3 27. Bc7 c4 28. g3 c3 29. Rc1 Bh6 30. Rc2 Rb1+ 31. Kg2 Rc1 32. Rxc1 Bxc1 33. Bxd6 c2 34. Bxe5 Ba3 35. Bf4 c1Q 36. Bxc1 Bxc1 37. a5 Ba3 38. a6 Bc5 39. f4 Kf8 40. Kf3 Ke7 41. Kg4 h6 42. h4 h5+ 43. Kg5 Bd4 44. e5 Bc5 45. Kh6 Ke8 46. e6 1-0

[Event "Karl Mala Memorial op 09th"]
[Site "Frankfurt"]
[Date "2005.07.29"]
[Round "2"]
[White "Solonar, Stefan"]
[Black "Matzies, Alexander"]
[Result "1-0"]
[WhiteElo "2362"]
[BlackElo "2053"]
[PlyCount "71"]
[EventDate "2005.07.28"]
[EventType "swiss"]
[EventRounds "7"]
[EventCountry "GER"]
[SourceTitle "EXT 2006"]
[Source "ChessBase"]
[SourceDate "2005.11.24"]
[SourceVersion "1"]
[SourceVersionDate "2005.11.24"]
[SourceQuality "1"]

1. c4 Nf6 2. Nc3 e6 3. e4 d5 4. e5 d4 5. exf6 dxc3 6. bxc3 Qxf6 7. Nf3 e5 8. d4 exd4 9. Bg5 Qe6+ 10. Be2 Be7 11. cxd4 Bxg5 12. Nxg5 Qe7 13. Nf3 0-0 14. 0-0 Nc6 15. Rb1 Rd8 16. Re1 Rb8 17. Bd3 Qf6 18. d5 Bf5 19. Bxf5 Qxf5 20. Qa4 Ne7 21. Qxa7 Ng6 22. Rxb7 Ra8 23. Qe3 Rxa2 24. Rxc7 h6 25. Nd4 Qf6 26. Nc6 Rda8 27. Qd4 Qf5 28. Ne7+ Nxe7 29. Rcxe7 Rc2 30. Re8+ Rxe8 31. Rxe8+ Kh7 32. g3 Rc1+ 33. Kg2 Qb1 34. Qe4+ Qxe4+ 35. Rxe4 Kg6 36. d6 1-0

[Event "Karl Mala Memorial op 08th"]
[Site "Frankfurt"]
[Date "2004.07.25"]
[Round "7"]
[White "Matzies, Alexander"]
[Black "Rosenberger, Frank"]
[Result "1/2-1/2"]
[WhiteElo "1875"]
[BlackElo "2154"]
[PlyCount "61"]
[EventDate "2004.07.22"]
[EventType "swiss"]
[EventRounds "7"]
[EventCountry "GER"]
[SourceTitle "EXT 2005"]
[Source "ChessBase"]
[SourceDate "2004.11.15"]
[SourceVersion "1"]
[SourceVersionDate "2004.11.15"]
[SourceQuality "1"]

1. e4 e6 2. d4 d5 3. exd5 exd5 4. Nf3 Bg4 5. c4 Nf6 6. Nc3 Nc6 7. cxd5 Nxd5 8. Be2 Be7 9. Qb3 Nb6 10. d5 Bxf3 11. Bxf3 Nd4 12. Qd1 Nxf3+ 13. Qxf3 0-0 14. 0-0 Bf6 15. d6 Bxc3 16. bxc3 Qxd6 17. Qxb7 c6 18. Be3 Rfb8 19. Qa6 Nd5 20. Rad1 Qg6 21. Bxa7 Nf4 22. g3 Re8 23. Rfe1 h5 24. Rxe8+ Rxe8 25. Qc4 Qg4 26. Qf1 Ne2+ 27. Kg2 Nxc3 28. Rd4 Qe6 29. Qc4 Nxa2 30. Qxe6 Rxe6 31. Rc4 1/2-1/2